<?xml version="1.0" encoding="UTF-8"?>
<collection xmlns="http://www.loc.gov/MARC21/slim">
    <record>
        <controlfield tag="001">46317</controlfield>
        <controlfield tag="005">20170831220535.0</controlfield>
        <datafield tag="037" ind1=" " ind2=" ">
            <subfield code="a">GDOC-2010-0774</subfield>
        </datafield>
        <datafield tag="041" ind1=" " ind2=" ">
            <subfield code="a">spa</subfield>
        </datafield>
        <datafield tag="245" ind1="0" ind2="0">
            <subfield code="9">60710</subfield>
            <subfield code="a">Aplicaciones tecnológicas a los entornos investigador, profesional y docente en lengua inglesa</subfield>
        </datafield>
        <datafield tag="260" ind1=" " ind2=" ">
            <subfield code="a">Zaragoza</subfield>
            <subfield code="b">Universidad de Zaragoza</subfield>
            <subfield code="c">2010-2011</subfield>
        </datafield>
        <datafield tag="520" ind1=" " ind2=" ">
            <subfield code="a">El curso ofrece una revisión y análisis de los principales géneros vinculados al medio electrónico y pretende proporcionar a los estudiantes un conocimiento operativo de aquellas herramientas y aplicaciones  que se consideran necesarias para el desarrollo de su  futura labor docente e investigadora en el campo de los estudios ingleses, con especial incidencia en el ámbito de la lingüística.</subfield>
            <subfield code="b">This course provides students with an overview and analysis of those genres associated with the electronic medium and a working knowledge of the tools and applications which can be helpful in their future work as teachers and researchers in the field of English studies, particularly in the area of linguistics.</subfield>
        </datafield>
        <datafield tag="521" ind1=" " ind2=" ">
            <subfield code="9">606</subfield>
            <subfield code="a">Máster Universitario en Estudios Textuales y Culturales en Lengua Inglesa</subfield>
        </datafield>
        <datafield tag="540" ind1=" " ind2=" ">
            <subfield code="a">by-nc-sa</subfield>
            <subfield code="b">Creative Commons</subfield>
            <subfield code="c">3.0</subfield>
            <subfield code="u">http://creativecommons.org/licenses/by-nc-sa/3.0/</subfield>
        </datafield>
        <datafield tag="700" ind1=" " ind2=" ">
            <subfield code="0">(orcid)0000-0002-1151-1661</subfield>
            <subfield code="a">Plo Alastrué, Ramón</subfield>
        </datafield>
        <datafield tag="830" ind1=" " ind2=" ">
            <subfield code="9">344</subfield>
        </datafield>
        <datafield tag="856" ind1="4" ind2=" ">
            <subfield code="s">124151</subfield>
            <subfield code="u">http://zaguan.unizar.es/record/46317/files/guia.pdf</subfield>
            <subfield code="y">Guía (idioma español)</subfield>
        </datafield>
        <datafield tag="856" ind1="4" ind2=" ">
            <subfield code="s">120838</subfield>
            <subfield code="u">http://zaguan.unizar.es/record/46317/files/guia-60710-eng.pdf</subfield>
            <subfield code="y">Guide (english)</subfield>
        </datafield>
        <datafield tag="980" ind1=" " ind2=" ">
            <subfield code="a">GDOC</subfield>
            <subfield code="b">Artes y humanidades</subfield>
            <subfield code="c">103</subfield>
        </datafield>
    </record>

    
</collection>